<?xml version="1.0" encoding="UTF-8"?><?xml-stylesheet type="text/xsl" href="static/style.xsl"?><OAI-PMH xmlns="http://www.openarchives.org/OAI/2.0/" xmlns:xsi="http://www.w3.org/2001/XMLSchema-instance" xsi:schemaLocation="http://www.openarchives.org/OAI/2.0/ http://www.openarchives.org/OAI/2.0/OAI-PMH.xsd"><responseDate>2026-04-17T05:50:24Z</responseDate><request verb="GetRecord" identifier="oai:www.recercat.cat:20.500.14342/6024" metadataPrefix="marc">https://recercat.cat/oai/request</request><GetRecord><record><header><identifier>oai:recercat.cat:20.500.14342/6024</identifier><datestamp>2026-03-07T07:59:43Z</datestamp><setSpec>com_2072_482405</setSpec><setSpec>com_2072_183628</setSpec><setSpec>col_2072_482411</setSpec></header><metadata><record xmlns="http://www.loc.gov/MARC21/slim" xmlns:dcterms="http://purl.org/dc/terms/" xmlns:xsi="http://www.w3.org/2001/XMLSchema-instance" xmlns:doc="http://www.lyncode.com/xoai" xsi:schemaLocation="http://www.loc.gov/MARC21/slim http://www.loc.gov/standards/marcxml/schema/MARC21slim.xsd">
   <leader>00925njm 22002777a 4500</leader>
   <datafield ind2=" " ind1=" " tag="042">
      <subfield code="a">dc</subfield>
   </datafield>
   <datafield ind2=" " ind1=" " tag="720">
      <subfield code="a">Grané-Morcillo, Jaume</subfield>
      <subfield code="e">author</subfield>
   </datafield>
   <datafield ind2=" " ind1=" " tag="720">
      <subfield code="a">Costa-Ramalho, Susana</subfield>
      <subfield code="e">author</subfield>
   </datafield>
   <datafield ind2=" " ind1=" " tag="720">
      <subfield code="a">Donato, Silvia</subfield>
      <subfield code="e">author</subfield>
   </datafield>
   <datafield ind2=" " ind1=" " tag="720">
      <subfield code="a">Parise, Miriam</subfield>
      <subfield code="e">author</subfield>
   </datafield>
   <datafield ind2=" " ind1=" " tag="720">
      <subfield code="a">Pérez-Testor, Carles</subfield>
      <subfield code="e">author</subfield>
   </datafield>
   <datafield ind2=" " ind1=" " tag="720">
      <subfield code="a">Vall, Berta</subfield>
      <subfield code="e">author</subfield>
   </datafield>
   <datafield ind2=" " ind1=" " tag="260">
      <subfield code="c">2026-02</subfield>
   </datafield>
   <datafield ind2=" " ind1=" " tag="520">
      <subfield code="a">Introduction: Several studies have proved that fostering resilience in couples when facing adversities plays a key role in intimate relationships. Aim: The aim of this study was to adapt and validate the Portuguese version of the Couple Resilience Inventory (CRI). Method: Data was collected from 336 individuals from the Portuguese general population, from 18 to 80 years (M = 35.38; SD = 15.36). We tested the internal structure of the CRI using confirmatory factor analysis (CFA) and also examined the reliability and construct validity. Results: The results supported the two-factor correlated structure of the original validation study: Positive Couple Resilience (PCR) and Negative Couple Resilience (NCR). The overall fit of the nested model was satisfactory. The internal consistency was high for both PCR (α = .920; ω = .919) and NCR (α = .860; ω = .862) CRI factors. Thus, both CRI factors showed adequate internal consistency, as indicated by the reliability coefficients and item-factor correlations. Evidence of convergent and divergent validity emerged via a hierarchical regression model that showed significant associations between couple resilience and dyadic coping factors. Conclusion: These findings provide evidence regarding the psychometric properties of the Portuguese version of the Couple Resilience Inventory.</subfield>
   </datafield>
   <datafield ind1="8" ind2=" " tag="024">
      <subfield code="a">https://hdl.handle.net/20.500.14342/6024</subfield>
   </datafield>
   <datafield ind1="8" ind2=" " tag="024">
      <subfield code="a">https://doi.org/10.1024/2673-8627/a000096</subfield>
   </datafield>
   <datafield tag="653" ind2=" " ind1=" ">
      <subfield code="a">Parella</subfield>
   </datafield>
   <datafield tag="653" ind2=" " ind1=" ">
      <subfield code="a">Resiliència (Tret de la personalitat)</subfield>
   </datafield>
   <datafield tag="653" ind2=" " ind1=" ">
      <subfield code="a">Test</subfield>
   </datafield>
   <datafield tag="653" ind2=" " ind1=" ">
      <subfield code="a">Benestar</subfield>
   </datafield>
   <datafield ind2="0" ind1="0" tag="245">
      <subfield code="a">Adaptation and Validation of the Couple Resilience Inventory (CRI) in a Portuguese sample</subfield>
   </datafield>
</record></metadata></record></GetRecord></OAI-PMH>